000
00303 a2200121 4500
000
nam a22 7a 4500
005
20260225112552.0
020
_a
9789369446643
100
_a
Gyanranja, Kamla Prasad
_9
1116601
245
_a
Pakistan Mein Urdu Kalam
260
_b
Vani Prakashan
_c
2025
942
_c
TEXL
999
_c
1680212
_d
1680212